[Event "DEM U10/U10w 2003"]
[Site "Willingen GER"]
[Date "2003.06.10"]
[Round "5"]
[White "Mirke, Roy"]
[Black "Wallenborn, Michael"]
[Result "0-1"]
[Termination "normal"]
[Board "23"]
[WhiteElo "855"]
[BlackElo "1243"]
[PlyCount "138"]
[WhiteFideId "24647306"]
[EventCountry "GER"]
[EventRounds "11"]
[EventType "swiss"]
[EventDate "2003.06.07"]

1. e4 e5 2. Nf3 Nc6 3. Bc4 Bc5 4. c3 Nf6 5. d4 exd4 6. e5 Qe7 7. cxd4 Bb4+ 8.
Bd2 Bxd2+ 9. Nbxd2 d6 10. Qe2 Nd7 11. Bb5 a6 12. Bxc6 bxc6 13. O-O O-O 14. Rfe1
Re8 15. h3 f6 16. Nc4 d5 17. Ncd2 Bb7 18. Nb3 Rad8 19. Qe3 Qe6 20. Re2 Re7 21.
Rae1 Rde8 22. a3 fxe5 23. dxe5 Qg6 24. Nh4 Qe4 25. f4 Qxe3+ 26. Rxe3 Rf8 27. g3
Re6 28. Kh2 c5 29. f5 Rb6 30. e6 Nf6 31. e7 Re8 32. Nxc5 Rxb2+ 33. R1e2 Rxe2+
34. Rxe2 Bc8 35. g4 Kf7 36. g5 Nd7 37. g6+ hxg6 38. fxg6+ Kf6 39. Nxd7+ Bxd7
40. Kg2 Rxe7 41. Rxe7 Kxe7 42. Nf3 c5 43. Ne5 Ke6 44. Nd3 c4 45. Nc5+ Kd6 46.
Nxa6 c3 47. Nb4 d4 48. Kf2 Bxh3 49. Ke2 Bf5 50. a4 Bxg6 51. a5 Kc5 52. Nd3+
Bxd3+ 53. Kxd3 Kb5 54. a6 Kxa6 55. Kxd4 c2 56. Ke5 c1=Q 57. Ke6 Qg5 58. Kf7 Qh6
59. Kg8 Kb6 60. Kf7 Kc6 61. Kf8 Kd6 62. Kf7 g5 63. Kg8 Qe6+ 64. Kg7 Ke7 65. Kh8
Qd7 66. Kg7 Qf5 67. Kh8 Kf6 68. Kg8 Qg6+ 69. Kh8 Qg7# 0-1

[Event "DEM U10/U10w 2003"]
[Site "Willingen GER"]
[Date "2003.06.10"]
[Round "5"]
[White "Orhan, Eda"]
[Black "Stitterich, Nadine"]
[Result "1-0"]
[Termination "normal"]
[Board "24"]
[WhiteElo "1222"]
[BlackElo "890"]
[PlyCount "55"]
[WhiteFideId "24659258"]
[BlackFideId "24676527"]
[EventCountry "GER"]
[EventRounds "11"]
[EventType "swiss"]
[EventDate "2003.06.07"]

1. e4 e5 2. Nf3 Nc6 3. Bc4 Bc5 4. c3 Nf6 5. d4 Bd6 6. Bg5 Be7 7. Nbd2 exd4 8.
cxd4 h6 9. Bxf6 Bxf6 10. e5 Be7 11. O-O d6 12. exd6 cxd6 13. Qc2 Bd7 14. Rfe1
O-O 15. Bd3 Re8 16. a3 d5 17. Qb3 Be6 18. Qxb7 Qc8 19. Qxc8 Rexc8 20. Rac1 Bf6
21. Nb3 Rcb8 22. Nc5 Bxd4 23. Nxe6 fxe6 24. Rxe6 Rb6 25. Nxd4 Kf7 26. Rexc6
Rxc6 27. Rxc6 Re8 28. Bg6+ 1-0

[Event "DEM U10/U10w 2003"]
[Site "Willingen GER"]
[Date "2003.06.10"]
[Round "5"]
[White "Sohl, Thies"]
[Black "Wild, Katharina"]
[Result "1-0"]
[Termination "normal"]
[Board "32"]
[WhiteElo "908"]
[BlackElo "1063"]
[PlyCount "91"]
[BlackFideId "24678015"]
[EventCountry "GER"]
[EventRounds "11"]
[EventType "swiss"]
[EventDate "2003.06.07"]

1. b3 c5 2. Bb2 Nc6 3. e3 Nf6 4. Nf3 g6 5. Bc4 Bg7 6. O-O O-O 7. d4 cxd4 8.
Nxd4 a6 9. Nd2 Qc7 10. N2f3 Ne4 11. Nxc6 Bxb2 12. Nxe7+ Kh8 13. Rb1 Bg7 14.
Nxc8 Qxc8 15. Qd3 Nc3 16. Rbe1 Nxa2 17. Ng5 Kg8 18. b4 Nxb4 19. Qb3 Qe8 20.
Qxb4 b5 21. Bd5 Rb8 22. Qh4 h5 23. h3 Qe5 24. Bb3 a5 25. f4 Qf6 26. e4 Qd4+ 27.
Kh1 a4 28. Bd5 Rbc8 29. Rd1 Qb6 30. Bxf7+ Rxf7 31. Nxf7 Kxf7 32. Rxd7+ Kg8 33.
Qe7 Qf6 34. e5 Qxe7 35. Rxe7 Rxc2 36. Rd1 Rc8 37. Rdd7 Bf8 38. Re6 a3 39. Rxg6+
Kh8 40. Ra6 b4 41. Rb7 Rc1+ 42. Kh2 Ra1 43. Ra8 Kg8 44. e6 a2 45. Rf7 Re1 46.
Raxf8# 1-0

[Event "DEM U10/U10w 2003"]
[Site "Willingen GER"]
[Date "2003.06.10"]
[Round "5"]
[White "Rosenburg, Thies"]
[Black "Gheng, Michael Dan"]
[Result "1/2-1/2"]
[Termination "normal"]
[Board "34"]
[WhiteElo "1052"]
[BlackElo "1016"]
[PlyCount "73"]
[EventCountry "GER"]
[EventRounds "11"]
[EventType "swiss"]
[EventDate "2003.06.07"]

1. e4 c5 2. Nf3 d6 3. Nc3 Nc6 4. Bb5 a6 5. Bxc6+ bxc6 6. d3 e6 7. a3 a5 8. Ne2
Nf6 9. Bg5 Be7 10. Bxf6 Bxf6 11. c3 O-O 12. Rb1 Rb8 13. Qd2 e5 14. h3 Be6 15.
b4 cxb4 16. axb4 a4 17. O-O a3 18. Ra1 a2 19. Nc1 Ra8 20. Nxa2 Rxa2 21. Rxa2
Bxa2 22. Qxa2 Bg5 23. Nxg5 Qxg5 24. Rd1 Qd8 25. c4 Qb8 26. Rb1 Qb7 27. Kf1 Ra8
28. Qb3 Rb8 29. Ke1 Kf8 30. Kd2 g6 31. Kc3 f5 32. exf5 gxf5 33. Re1 c5 34. b5
Qxg2 35. Ra1 Qxf2 36. Ra6 Qd4+ 37. Kc2 1/2-1/2

[Event "DEM U10/U10w 2003"]
[Site "Willingen GER"]
[Date "2003.06.10"]
[Round "5"]
[White "Penner, Markus"]
[Black "Spangenberg, Romy"]
[Result "0-1"]
[Termination "normal"]
[Board "35"]
[WhiteElo "1211"]
[BlackElo "833"]
[PlyCount "54"]
[BlackFideId "4627997"]
[EventCountry "GER"]
[EventRounds "11"]
[EventType "swiss"]
[EventDate "2003.06.07"]

1. e4 c5 2. d4 cxd4 3. c3 e5 4. cxd4 exd4 5. Qxd4 Nc6 6. Qe3 Bb4+ 7. Nc3 d6 8.
Bd2 Nf6 9. Bc4 O-O 10. O-O-O Ne5 11. Bb3 Be6 12. Bxe6 fxe6 13. f4 Nc4 14. Qg3
Nxd2 15. Rxd2 Bxc3 16. Qxc3 Nxe4 17. Qd4 Nxd2 18. Qxd2 Rc8+ 19. Kb1 e5 20. Ne2
Qf6 21. fxe5 Qf5+ 22. Ka1 Qxe5 23. a3 Qe4 24. Ng3 Qc2 25. Qd5+ Kh8 26. Qxb7 Rb8
27. Rf1 Rxf1+ 0-1

[Event "DEM U10/U10w 2003"]
[Site "Willingen GER"]
[Date "2003.06.10"]
[Round "5"]
[White "Oat, Daniela"]
[Black "Spangenberg, Pia"]
[Result "1/2-1/2"]
[Termination "normal"]
[Board "36"]
[WhiteElo "850"]
[BlackElo "1089"]
[PlyCount "51"]
[BlackFideId "4627989"]
[EventCountry "GER"]
[EventRounds "11"]
[EventType "swiss"]
[EventDate "2003.06.07"]

1. e4 e5 2. Nf3 Nf6 3. Nc3 d5 4. exd5 Nxd5 5. Nxd5 Qxd5 6. Bd3 Bg4 7. b3 Nc6 8.
Bb2 e4 9. Qe2 f6 10. Bxe4 Qe6 11. Bxc6+ bxc6 12. Qxe6+ Bxe6 13. O-O-O Be7 14.
Rhe1 Kf7 15. Nd4 Bd7 16. f4 a6 17. Nf3 Bg4 18. d4 Rad8 19. Re3 c5 20. Rde1 Bd6
21. g3 Bxf3 22. Rxf3 cxd4 23. Bxd4 Bb4 24. Re4 c5 25. Bb2 Bd2+ 26. Kb1 1/2-1/2

[Event "DEM U10/U10w 2003"]
[Site "Willingen GER"]
[Date "2003.06.10"]
[Round "5"]
[White "Salzmann, Tim"]
[Black "Thiele, Eileen"]
[Result "1-0"]
[Termination "normal"]
[Board "39"]
[WhiteElo "932"]
[BlackElo "695"]
[PlyCount "123"]
[EventCountry "GER"]
[EventRounds "11"]
[EventType "swiss"]
[EventDate "2003.06.07"]

1. e4 e5 2. Nf3 Nc6 3. Nc3 Nf6 4. Bb5 d6 5. Bxc6+ bxc6 6. O-O Bg4 7. h3 Bh5 8.
d3 d5 9. Re1 d4 10. Nb1 Rb8 11. Nbd2 Bd6 12. Rf1 O-O 13. b3 h6 14. Bb2 c5 15.
Qc1 c6 16. c3 Bc7 17. Ba3 Nd7 18. cxd4 Bxf3 19. Nxf3 Rb5 20. dxc5 Ra5 21. d4
Qf6 22. b4 Rb5 23. Qc3 Re8 24. Bb2 Rbb8 25. Rfe1 Rbd8 26. a4 Re6 27. d5 Re7 28.
d6 Bxd6 29. cxd6 Qxd6 30. Rad1 Qf6 31. Rd2 Ree8 32. Red1 Re7 33. Rd6 Qf4 34.
Rxc6 Qxe4 35. Re1 Qd5 36. Nxe5 Nxe5 37. Rxe5 Rxe5 38. Qxe5 Qxe5 39. Bxe5 Re8
40. Bc3 Rb8 41. b5 Kf8 42. Be5 Rb7 43. Rc7 Rxc7 44. Bxc7 Ke7 45. a5 Kd7 46. b6
a6 47. f4 Kc6 48. Kf2 Kb7 49. Ke3 g6 50. g4 Kc8 51. Ke4 Kb7 52. Ke5 h5 53. gxh5
gxh5 54. Kf6 h4 55. Kxf7 Kc6 56. Ke8 Kb7 57. f5 Kc8 58. f6 Kb7 59. f7 Kc8 60.
f8=Q Kb7 61. Qf3+ Kc8 62. Qa8# 1-0

[Event "DEM U10/U10w 2003"]
[Site "Willingen GER"]
[Date "2003.06.10"]
[Round "5"]
[White "Döll, Laurien"]
[Black "Bauer, Julia"]
[Result "1-0"]
[Termination "normal"]
[Board "43"]
[WhiteElo "1155"]
[BlackElo "812"]
[PlyCount "53"]
[EventCountry "GER"]
[EventRounds "11"]
[EventType "swiss"]
[EventDate "2003.06.07"]

1. e4 e5 2. Nf3 Nf6 3. Nc3 Nc6 4. Bc4 Bb4 5. d3 d5 6. exd5 Nxd5 7. Bd2 Nxc3 8.
Bxc3 Bxc3+ 9. bxc3 Bg4 10. h3 Bxf3 11. Qxf3 f6 12. Bb5 Qd6 13. O-O O-O-O 14.
Bxc6 bxc6 15. Rab1 Kd7 16. Rfd1 Ke8 17. Re1 Ke7 18. d4 Rhf8 19. Qg3 Rf7 20.
Rbd1 Qd7 21. dxe5 Qc8 22. exf6+ Kf8 23. fxg7+ Rxg7 24. Rxd8+ Qxd8 25. Qf3+ Kg8
26. Qh5 Qd5 27. Re8# 1-0

[Event "DEM U10/U10w 2003"]
[Site "Willingen GER"]
[Date "2003.06.11"]
[Round "6"]
[White "Zelbel, Patrick"]
[Black "Weber, Raphael"]
[Result "1-0"]
[Termination "normal"]
[Board "1"]
[WhiteElo "1595"]
[BlackElo "1250"]
[PlyCount "71"]
[WhiteFideId "24624322"]
[BlackFideId "24644110"]
[EventCountry "GER"]
[EventRounds "11"]
[EventType "swiss"]
[EventDate "2003.06.07"]

1. e4 e5 2. Nf3 Nc6 3. c3 Nf6 4. d4 d6 5. d5 Ne7 6. Bg5 Nxe4 7. Qa4+ Bd7 8.
Qxe4 f5 9. Bxe7 Bxe7 10. Qc2 O-O 11. Be2 Qe8 12. O-O Qg6 13. Nbd2 Rf7 14. Qd1
f4 15. Nxe5 dxe5 16. Bh5 Qf6 17. Bxf7+ Qxf7 18. Nc4 Bf6 19. Re1 Re8 20. Qf3 Qg6
21. h3 c6 22. dxc6 Bxc6 23. Qg4 Qf7 24. Nd6 Qe7 25. Nxe8 Qxe8 26. Rad1 h5 27.
Qe2 Bh4 28. Qxe5 Qg6 29. Qe6+ Qxe6 30. Rxe6 Kf7 31. Rdd6 f3 32. g3 Be7 33. Rxc6
bxc6 34. Rxc6 g5 35. Rc7 a5 36. Ra7 1-0

[Event "DEM U10/U10w 2003"]
[Site "Willingen GER"]
[Date "2003.06.11"]
[Round "6"]
[White "Graf, Felix"]
[Black "Mihok, Oliver"]
[Result "0-1"]
[Termination "normal"]
[Board "2"]
[WhiteElo "1805"]
[BlackElo "1913"]
[PlyCount "90"]
[WhiteFideId "24608904"]
[BlackFideId "728012"]
[EventCountry "GER"]
[EventRounds "11"]
[EventType "swiss"]
[EventDate "2003.06.07"]

1. d4 Nf6 2. Nf3 e6 3. c4 Bb4+ 4. Bd2 c5 5. Bxb4 cxb4 6. e3 O-O 7. Bd3 d6 8.
O-O Re8 9. Qe2 Nc6 10. Rd1 Qe7 11. Bc2 e5 12. d5 e4 13. Bxe4 Nxe4 14. dxc6 bxc6
15. h3 a5 16. Nbd2 Ba6 17. Nxe4 Qxe4 18. Rd4 Qe7 19. Qd2 c5 20. Rxd6 Bxc4 21.
b3 Be6 22. Rc6 Rec8 23. Qd6 Qxd6 24. Rxd6 a4 25. bxa4 h6 26. Kf1 Rxa4 27. Ke1
Rxa2 28. Rxa2 Bxa2 29. Kd1 b3 30. Nd2 c4 31. Rb6 Rd8 32. Kc1 Rd3 33. Rb8+ Kh7
34. Rb4 Rc3+ 35. Kd1 Rc2 36. Rxc4 Rxd2+ 37. Kxd2 b2 38. Rb4 b1=Q 39. Rxb1 Bxb1
40. Ke2 Kg6 41. f4 Kf5 42. g4+ Ke4 43. h4 g6 44. h5 Bd3+ 45. Kf2 gxh5 0-1

[Event "DEM U10/U10w 2003"]
[Site "Willingen GER"]
[Date "2003.06.11"]
[Round "6"]
[White "Schäfer, Alexander"]
[Black "Gadschisade, Machmud"]
[Result "1/2-1/2"]
[Termination "normal"]
[Board "3"]
[WhiteElo "1646"]
[BlackElo "1428"]
[PlyCount "68"]
[WhiteFideId "24615196"]
[BlackFideId "4647734"]
[EventCountry "GER"]
[EventRounds "11"]
[EventType "swiss"]
[EventDate "2003.06.07"]

1. d4 Nf6 2. c4 g6 3. Nc3 Bg7 4. e4 d6 5. f3 O-O 6. Be3 Nbd7 7. Qd2 c5 8. Nge2
Qc7 9. O-O-O Rd8 10. Bh6 Nb6 11. Nb5 Qd7 12. Nec3 a6 13. Na3 Qc7 14. d5 Bd7 15.
h4 Na4 16. Nab1 Nxc3 17. Nxc3 Rdb8 18. h5 b5 19. hxg6 fxg6 20. Bxg7 Kxg7 21.
Qh6+ Kf7 22. g4 Rh8 23. cxb5 axb5 24. Bxb5 Bxb5 25. Nxb5 Qb6 26. Nc3 Qb4 27.
Qd2 Rhb8 28. f4 Rh8 29. Rdg1 Nxe4 30. Nxe4 Qxe4 31. a3 Qc4+ 32. Kb1 Qb3 33. Kc1
Qc4+ 34. Kb1 Qe4+ 1/2-1/2

[Event "DEM U10/U10w 2003"]
[Site "Willingen GER"]
[Date "2003.06.11"]
[Round "6"]
[White "Miclea, Andrei"]
[Black "Jussupow, Alexander"]
[Result "0-1"]
[Termination "normal"]
[Board "4"]
[WhiteElo "1286"]
[BlackElo "1605"]
[PlyCount "70"]
[BlackFideId "24613509"]
[EventCountry "GER"]
[EventRounds "11"]
[EventType "swiss"]
[EventDate "2003.06.07"]

1. d4 d5 2. Nf3 Nf6 3. Bf4 e6 4. e3 b6 5. c4 Nbd7 6. a3 c5 7. Nc3 a6 8. Bd3
dxc4 9. Bxc4 b5 10. Bd3 Be7 11. a4 b4 12. Ne4 Bb7 13. Nd6+ Bxd6 14. Bxd6 Qb6
15. Bg3 O-O 16. Rc1 cxd4 17. exd4 Rac8 18. Rxc8 Rxc8 19. Be2 a5 20. O-O Nd5 21.
Ne5 Nxe5 22. Bxe5 Qc6 23. Bf3 Qc2 24. Qxc2 Rxc2 25. Rb1 f6 26. Bd6 Bc6 27. h3
Nb6 28. Bxc6 Rxc6 29. Bf4 Nxa4 30. b3 Nc3 31. Rb2 Kf7 32. Rc2 Ke7 33. f3 Kd7
34. Rd2 Nd5 35. Bg3 Ra6 0-1

[Event "DEM U10/U10w 2003"]
[Site "Willingen GER"]
[Date "2003.06.11"]
[Round "6"]
[White "Dorn, Carina"]
[Black "Endreß, Anna"]
[Result "0-1"]
[Termination "normal"]
[Board "5"]
[WhiteElo "1124"]
[BlackElo "1573"]
[PlyCount "122"]
[WhiteFideId "24666335"]
[BlackFideId "24629472"]
[EventCountry "GER"]
[EventRounds "11"]
[EventType "swiss"]
[EventDate "2003.06.07"]

1. d4 d5 2. c4 e6 3. Nc3 Nf6 4. Bg5 Nbd7 5. Nf3 c6 6. e3 Qa5 7. Nd2 dxc4 8. Bf4
Nb6 9. Bg3 Nfd5 10. Qc2 Bb4 11. Nxd5 Bxd2+ 12. Qxd2 Qxd2+ 13. Kxd2 cxd5 14. Be2
O-O 15. Rhc1 Nd7 16. f3 b5 17. e4 Bb7 18. e5 a5 19. b3 Rfc8 20. Rab1 Ba6 21.
Be1 b4 22. Rc2 c3+ 23. Kd1 Bxe2+ 24. Kxe2 Nf8 25. g3 Ng6 26. Ke3 a4 27. a3 axb3
28. Rxb3 bxa3 29. Bxc3 a2 30. Rc1 a1=Q 31. Rxa1 Rxc3+ 32. Rxc3 Rxa1 33. f4 Rh1
34. Rc2 Re1+ 35. Kd2 Ra1 36. Ke3 h6 37. Kf3 Ra4 38. Ke3 Ne7 39. Rd2 Nf5+ 40.
Ke2 Rxd4 41. Rc2 Re4+ 42. Kd3 Kh7 43. Rc1 Re3+ 44. Kd2 Ra3 45. Kd1 Ra2 46. Rc2
Rxc2 47. Kxc2 Ne3+ 48. Kd3 Nf1 49. Ke2 Nxh2 50. Kf2 Ng4+ 51. Kf3 h5 52. Kg2 Kg6
53. Kf1 Kf5 54. Ke2 Ke4 55. Kf1 Kf3 56. Kg1 Ke2 57. Kg2 d4 58. Kg1 d3 59. Kg2
d2 60. Kg1 d1=Q+ 61. Kg2 Qf1# 0-1

[Event "DEM U10/U10w 2003"]
[Site "Willingen GER"]
[Date "2003.06.11"]
[Round "6"]
[White "Schmitt, Philipp"]
[Black "Billing, Alexander"]
[Result "0-1"]
[Termination "normal"]
[Board "6"]
[WhiteElo "1458"]
[BlackElo "1333"]
[PlyCount "130"]
[WhiteFideId "24641766"]
[BlackFideId "24624420"]
[EventCountry "GER"]
[EventRounds "11"]
[EventType "swiss"]
[EventDate "2003.06.07"]

1. e4 e6 2. d4 d5 3. exd5 exd5 4. Bd3 Bd6 5. Nf3 Nf6 6. O-O O-O 7. Bg5 Re8 8.
Nbd2 h6 9. Bh4 Bg4 10. c3 c6 11. Qc2 Nbd7 12. Rae1 Qc7 13. Bg3 a5 14. Qb3 Bxg3
15. fxg3 Qb6 16. Qxb6 Nxb6 17. Ne5 a4 18. h3 Be6 19. Re2 Re7 20. Rfe1 Rae8 21.
Ndf3 Nbd7 22. Nh4 Nxe5 23. Rxe5 Kf8 24. b4 axb3 25. axb3 Ra8 26. Ng6+ fxg6 27.
Bxg6 Bf7 28. Rxe7 Bxg6 29. Rxb7 Ne4 30. Rc7 Be8 31. Re3 Ra1+ 32. Kh2 Nd2 33.
Rd3 Rd1 34. Rf3+ Nxf3+ 35. gxf3 Rd3 36. f4 Rxc3 37. Rb7 c5 38. dxc5 Rxc5 39. b4
Rb5 40. Rxb5 Bxb5 41. Kg2 Ke7 42. Kf3 Kf6 43. h4 h5 44. Ke3 Kf5 45. Kd4 Bc4 46.
b5 Bxb5 47. Kxd5 Kg4 48. Ke6 g6 49. Kf7 Bd3 50. Kf6 Bf5 51. Kg7 Kxg3 52. Kh6
Kxh4 53. Kg7 Kg4 54. Kf6 h4 55. Ke5 h3 56. Kf6 h2 57. Kg7 h1=Q 58. Kf6 Qh8+ 59.
Kf7 g5 60. fxg5 Kxg5 61. Ke7 Qe5+ 62. Kf7 Qe6+ 63. Kf8 Bg6 64. Kg7 Qf7+ 65. Kh8
Qh7# 0-1

[Event "DEM U10/U10w 2003"]
[Site "Willingen GER"]
[Date "2003.06.11"]
[Round "6"]
[White "Boos, Philipp"]
[Black "Giesler, Julius"]
[Result "0-1"]
[Termination "normal"]
[Board "7"]
[WhiteElo "1414"]
[BlackElo "1243"]
[PlyCount "106"]
[EventCountry "GER"]
[EventRounds "11"]
[EventType "swiss"]
[EventDate "2003.06.07"]

1. d4 d5 2. c4 e6 3. Nc3 c5 4. Nf3 Nc6 5. e3 Nf6 6. b3 cxd4 7. Nxd4 Bb4 8. Bb2
e5 9. Nc2 Ba5 10. a3 d4 11. exd4 exd4 12. Nxd4 Qxd4 13. Qxd4 Nxd4 14. O-O-O
Nxb3+ 15. Kc2 Nc5 16. Nd5 Bf5+ 17. Bd3 Bxd3+ 18. Rxd3 Nxd3 19. Kxd3 Nxd5 20.
cxd5 Rd8 21. Ke4 O-O 22. Rd1 Rfe8+ 23. Kd4 Re2 24. Rd3 Rxb2 25. Rd1 Rd2+ 26.
Rxd2 Bxd2 27. Kc5 Ba5 28. d6 Rc8+ 29. Kd5 Rc2 30. f3 Rxg2 31. h4 Ra2 32. f4
Rxa3 33. Kd4 Rh3 34. d7 Rxh4 35. Ke5 f6+ 36. Ke6 Rxf4 37. Ke7 Rd4 38. Ke6 Rxd7
39. Kxd7 h5 40. Kd6 h4 41. Kd5 h3 42. Kd6 h2 43. Kd7 h1=Q 44. Kd6 Qe4 45. Kc5
Bb4+ 46. Kb5 Qc6+ 47. Kxb4 Kf7 48. Ka5 Qb6+ 49. Ka4 Ke6 50. Ka3 Kd5 51. Ka2 Kc4
52. Ka1 Kc3 53. Ka2 Qb2# 0-1

[Event "DEM U10/U10w 2003"]
[Site "Willingen GER"]
[Date "2003.06.11"]
[Round "6"]
[White "Rafayevych, Wilen"]
[Black "Wang, Zhangxian"]
[Result "1-0"]
[Termination "normal"]
[Board "8"]
[WhiteElo "1301"]
[BlackElo "1400"]
[PlyCount "81"]
[EventCountry "GER"]
[EventRounds "11"]
[EventType "swiss"]
[EventDate "2003.06.07"]

1. d4 g6 2. e4 Bg7 3. Nc3 c6 4. Be3 d5 5. e5 Nh6 6. f3 O-O 7. Qd2 Nf5 8. Bf4 e6
9. g4 Ne7 10. h4 Nd7 11. h5 f6 12. Bh6 g5 13. Bxg7 Kxg7 14. exf6+ Kxf6 15. f4
h6 16. fxg5+ hxg5 17. O-O-O Qc7 18. Qf2+ Qf4+ 19. Qxf4+ gxf4 20. Nf3 b6 21. g5+
Kg7 22. Bd3 Nf5 23. Rde1 Kf7 24. Bxf5 exf5 25. h6 Ba6 26. h7 Rh8 27. Rh6 Rac8
28. Ree6 Bb7 29. Ne2 Rce8 30. Rxe8 Kxe8 31. Nxf4 Kf7 32. g6+ Kg7 33. Rh5 Kf6
34. Rg5 Kg7 35. Rxf5 Nf6 36. Re5 Re8 37. Nh5+ Kh8 38. Nxf6 Rf8 39. Re8 Rxe8 40.
Nxe8 Bc8 41. Ng5 1-0

[Event "DEM U10/U10w 2003"]
[Site "Willingen GER"]
[Date "2003.06.11"]
[Round "6"]
[White "Wilke, Friedrich"]
[Black "Berchtenbreiter, Maximilian"]
[Result "1-0"]
[Termination "normal"]
[Board "9"]
[WhiteElo "1340"]
[BlackElo "1282"]
[PlyCount "109"]
[BlackFideId "24641120"]
[EventCountry "GER"]
[EventRounds "11"]
[EventType "swiss"]
[EventDate "2003.06.07"]

1. d4 Nf6 2. Nf3 g6 3. g3 Bg7 4. Bg2 O-O 5. O-O d6 6. c3 c6 7. Bf4 Bf5 8. Nh4
Be6 9. Na3 Nd5 10. Bd2 Nd7 11. e4 N5b6 12. Be3 Bc4 13. Re1 e5 14. b3 exd4 15.
Bxd4 Bxd4 16. Qxd4 c5 17. Qxd6 Be6 18. f4 Qf6 19. f5 gxf5 20. exf5 Bd5 21. Qf4
Qxc3 22. Nb5 Qb4 23. Nc7 Qxf4 24. gxf4 Bxg2 25. Nxa8 Rxa8 26. Kxg2 Nf6 27. Rg1
Kf8 28. Rae1 Nbd5 29. Kf3 Re8 30. Rxe8+ Kxe8 31. Rc1 Nd7 32. Ng2 Ke7 33. Kg4
Kf6 34. h3 b6 35. Rd1 Nc3 36. Rxd7 Nxa2 37. Rd6+ Ke7 38. Rh6 Nc1 39. Rxh7 Nxb3
40. Nh4 Nd4 41. Ng6+ Kf6 42. Ne5 Nxf5 43. Rxf7+ Ke6 44. Rxf5 b5 45. Nc4 b4 46.
Rxc5 a6 47. Na5 b3 48. Nxb3 a5 49. Rxa5 Kf6 50. Rg5 Kf7 51. h4 Kf8 52. h5 Kf7
53. h6 Kf6 54. h7 Kf7 55. h8=Q 1-0

[Event "DEM U10/U10w 2003"]
[Site "Willingen GER"]
[Date "2003.06.11"]
[Round "6"]
[White "Wittke, René"]
[Black "Blübaum, Johanna"]
[Result "0-1"]
[Termination "normal"]
[Board "12"]
[WhiteElo "1438"]
[BlackElo "1243"]
[PlyCount "134"]
[WhiteFideId "24640255"]
[BlackFideId "24647373"]
[EventCountry "GER"]
[EventRounds "11"]
[EventType "swiss"]
[EventDate "2003.06.07"]

1. e4 e6 2. d4 d5 3. exd5 exd5 4. Bd3 Bd6 5. Nf3 Bg4 6. h3 Bd7 7. Be3 Ne7 8.
O-O Nbc6 9. Nbd2 Bf5 10. Re1 Bxd3 11. cxd3 Qd7 12. a3 O-O 13. Bg5 Nf5 14. Be3
Rfe8 15. Qb3 Nxe3 16. Rxe3 Rxe3 17. fxe3 Re8 18. Qxd5 Bh2+ 19. Kxh2 Qxd5 20. e4
Qb5 21. Nc4 Na5 22. Nxa5 Qxa5 23. Rc1 Rc8 24. Rc5 Qb6 25. b4 Qd6+ 26. e5 Qg6
27. Rc3 f6 28. e6 Re8 29. d5 c6 30. dxc6 bxc6 31. Nd4 h5 32. Nxc6 Rxe6 33. Nd4
Qg5 34. Rc8+ Kh7 35. Nxe6 Qe5+ 36. Kh1 Qxe6 37. Rc1 Qb3 38. Ra1 Qxd3 39. Rg1
Qxa3 40. Rf1 Qxb4 41. Rg1 a5 42. Ra1 a4 43. Rg1 a3 44. Ra1 Qb2 45. Rg1 a2 46.
Rf1 a1=Q 47. Rxa1 Qxa1+ 48. Kh2 g5 49. Kg3 Qe5+ 50. Kf2 g4 51. h4 g3+ 52. Kf3
Qc3+ 53. Kf4 Kh6 54. Ke4 f5+ 55. Kf4 Qf6 56. Kf3 Qxh4 57. Ke3 Qe4+ 58. Kd2
Qxg2+ 59. Kc3 f4 60. Kb4 f3 61. Kc5 f2 62. Kd6 f1=Q 63. Ke5 Qge2+ 64. Kd4 Qfd1+
65. Kc3 Qec2+ 66. Kb4 Qdb1+ 67. Ka5 Qca2# 0-1

[Event "DEM U10/U10w 2003"]
[Site "Willingen GER"]
[Date "2003.06.11"]
[Round "6"]
[White "Friedrich, Wiede"]
[Black "Noe, Christopher"]
[Result "1-0"]
[Termination "normal"]
[Board "13"]
[WhiteElo "1431"]
[BlackElo "1165"]
[PlyCount "51"]
[WhiteFideId "24629537"]
[BlackFideId "24692018"]
[EventCountry "GER"]
[EventRounds "11"]
[EventType "swiss"]
[EventDate "2003.06.07"]

1. e4 g6 2. d4 Bg7 3. c4 d6 4. Nc3 Nf6 5. Nf3 Bg4 6. Be2 O-O 7. O-O Nc6 8. d5
Nb8 9. Be3 c5 10. Rc1 Nbd7 11. a3 a5 12. h3 Bxf3 13. Bxf3 Ne5 14. Be2 Ned7 15.
f4 Re8 16. g4 e5 17. g5 exf4 18. gxf6 Qxf6 19. Bxf4 Qd4+ 20. Qxd4 Bxd4+ 21. Kh1
f5 22. Nb5 Rxe4 23. Bd3 Re7 24. Nxd6 Bxb2 25. Rb1 Bxa3 26. Rxb7 1-0

[Event "DEM U10/U10w 2003"]
[Site "Willingen GER"]
[Date "2003.06.11"]
[Round "6"]
[White "Mohr, Fides"]
[Black "Osmanodja, Bilgin"]
[Result "0-1"]
[Termination "normal"]
[Board "14"]
[WhiteElo "1161"]
[BlackElo "1330"]
[PlyCount "88"]
[EventCountry "GER"]
[EventRounds "11"]
[EventType "swiss"]
[EventDate "2003.06.07"]

1. d4 Nf6 2. c4 e6 3. Nc3 Bb4 4. a3 Bxc3+ 5. bxc3 Nc6 6. Bg5 h6 7. Bh4 Qe7 8.
Nf3 d6 9. e3 e5 10. d5 Nd8 11. Be2 O-O 12. O-O b6 13. Nd2 Bf5 14. f3 c6 15. e4
Bd7 16. Qc2 Nb7 17. Rab1 Rfc8 18. Kh1 Be8 19. Bd3 Nc5 20. Be2 Ncd7 21. Rb3 Nb8
22. Rfb1 cxd5 23. cxd5 Ba4 24. Bxf6 Qxf6 25. c4 Bxb3 26. Qxb3 Na6 27. Qb5 Nc5
28. Nb3 Qe7 29. Nxc5 Rxc5 30. Qa6 Ra5 31. Qxa5 bxa5 32. Rb5 Qc7 33. Bd3 Rb8 34.
Rxb8+ Qxb8 35. Kg1 Qb3 36. Be2 Qxa3 37. Kf2 Kh7 38. Kg3 Qe3 39. Bf1 Kg6 40. h4
Kh5 41. Kh3 Qf2 42. g4+ Kg6 43. h5+ Kg5 44. f4+ Kxf4 0-1

[Event "DEM U10/U10w 2003"]
[Site "Willingen GER"]
[Date "2003.06.11"]
[Round "6"]
[White "Kaphle, Sebastian"]
[Black "Eimer, Matthias"]
[Result "1-0"]
[Termination "normal"]
[Board "15"]
[WhiteElo "1201"]
[BlackElo "1261"]
[PlyCount "73"]
[WhiteFideId "24626708"]
[EventCountry "GER"]
[EventRounds "11"]
[EventType "swiss"]
[EventDate "2003.06.07"]

1. e4 e5 2. Nf3 Nc6 3. Nc3 Nf6 4. Bb5 d6 5. d3 Be7 6. Be3 Bg4 7. O-O O-O 8. h3
Bh5 9. Qe2 Nd4 10. Bxd4 exd4 11. Nb1 c6 12. Ba4 Re8 13. Nbd2 b5 14. Bb3 d5 15.
e5 Bb4 16. Rad1 Nd7 17. g4 Bg6 18. Nxd4 Rxe5 19. Qf3 Rc8 20. a3 Bc5 21. Ne2 f5
22. d4 Bxd4 23. Nxd4 Qg5 24. Qg2 Nf6 25. N2f3 Qf4 26. Nxe5 Qxe5 27. gxf5 Bh5
28. Rfe1 Qf4 29. Ne6 Qh6 30. Rd3 Re8 31. Rg3 Re7 32. Rge3 a5 33. Nd4 Rf7 34.
Nxc6 g6 35. Bxd5 Nxd5 36. Qxd5 gxf5 37. Re8+ 1-0

[Event "DEM U10/U10w 2003"]
[Site "Willingen GER"]
[Date "2003.06.11"]
[Round "6"]
[White "Begeluri, Nino"]
[Black "Zivkovic, Djordje"]
[Result "0-1"]
[Termination "normal"]
[Board "16"]
[WhiteElo "1152"]
[BlackElo "1259"]
[PlyCount "130"]
[EventCountry "GER"]
[EventRounds "11"]
[EventType "swiss"]
[EventDate "2003.06.07"]

1. e4 e5 2. Nf3 Nc6 3. Nc3 Nf6 4. Bc4 h6 5. d3 d6 6. h3 Be7 7. O-O Be6 8. Bb3
Qd7 9. Bxe6 fxe6 10. Nh2 h5 11. f4 exf4 12. Bxf4 e5 13. Be3 O-O-O 14. Nd5 Rdg8
15. Nf3 Ne8 16. c4 Nf6 17. Nxf6 gxf6 18. d4 Qxh3 19. Rf2 exd4 20. Bxd4 Nxd4 21.
Qxd4 Kb8 22. a4 Qd7 23. b4 Qc6 24. b5 Qc5 25. Qxc5 dxc5 26. a5 b6 27. a6 Kc8
28. Kf1 h4 29. Ke2 Bd6 30. Ke3 Re8 31. Kd3 Ref8 32. Ng1 Be5 33. Re1 Bg3 34.
Ref1 Bxf2 35. Rxf2 Rhg8 36. Nf3 Rg3 37. Ke3 Rfg8 38. Ke2 Rxg2 39. Nxh4 Rxf2+
40. Kxf2 Rg4 41. Nf3 Rxe4 42. Nd2 Rd4 43. Ke3 Kd7 44. Ne4 Rxc4 45. Nxf6+ Ke6
46. Ne4 Rb4 47. Nc3 Rb3 48. Kd3 Rxc3+ 49. Kxc3 Kd5 50. Kd3 c4+ 51. Kc3 Kc5 52.
Kc2 Kxb5 53. Kc3 c5 54. Kc2 Kxa6 55. Kc3 Kb5 56. Kb2 Kb4 57. Ka2 Kc3 58. Kb1
Kd2 59. Kb2 c3+ 60. Kb1 c2+ 61. Kb2 c1=Q+ 62. Ka2 Qc4+ 63. Kb2 Qb5+ 64. Ka2 Kc2
65. Ka3 Qb3# 0-1